| Поле | Название | Значение |
| |
Тип записи |
a |
| |
Библиографический уровень |
m |
| 001 |
Контрольный номер |
RU/REG73/CBS_GRAD/ed02691271eb48fcb2db38890cbd80ea |
| 005 |
Дата корректировки |
20250311101122.9 |
| 200 |
Заглавие и сведения об ответственности |
1_ |
| a |
Заглавие |
Сочинения в 3-х т. |
| f |
Первые сведения об ответственности |
Александр Сергеевич Пушкин |
| 203 |
Вид содержания и тип средства |
__ |
| a |
Вид содержания |
Текст |
| b |
Характеристика содержания |
визуальный |
| c |
Тип средства |
непосредственный |
| 210 |
Выходные данные |
1_ |
| a |
Место издания |
Москва |
| c |
Издательство |
Художественная литература |
| 215 |
Физическое описание |
__ |
| d |
Формат |
21 см |
| 333 |
Примечание о целевом назначении |
__ |
| a |
Примечание о целевом назначении |
12+ |
| 686 |
Индексы других классификаций |
__ |
| a |
Классификационный индекс |
84(2 Рос=Рус)1 |
| 2 |
Код системы |
rubbk |
| 700 |
Автор |
_1 |
| a |
Фамилия |
Пушкин |
| b |
Имя (инициалы) |
А. С. |
| g |
Полное личное имя |
Александр Сергеевич |
| 4 |
Код отношения |
070 |
| 801 |
Источник записи |
_0 |
| a |
Страна |
RU |
| b |
Организация |
RuCBSGrad |
| c |
Дата составления |
20250311 |
| g |
Правила каталогизации |
RCR |
| 801 |
Источник записи |
_1 |
| a |
Страна |
RU |
| b |
Организация |
RuCBSGrad |
| c |
Дата составления |
20250311 |
| g |
Правила каталогизации |
RCR |
| 852 |
Данные о местонахождении |
__ |
| a |
Наименование организации |
МБУК "ЦБС г.Димитровграда" |
| i |
Авторский знак |
П 91 |
| z |
Тип записи |
R |
| 901 |
Тип документа |
__ |
| t |
Тип документа |
v |
| 909 |
Создатель записи |
__ |
| a |
Создатель записи |
Бакалдина |
| b |
Дата создания записи |
20250311 |